Principal of Communication Systems (Record no. 833528)

MARC details
000 -LEADER
fixed length control field 00494nam a2200169Ia 4500
008 - FIXED-LENGTH DATA ELEMENTS--GENERAL INFORMATION
fixed length control field 110201s9999 xx 000 0 und d
082 ## - DEWEY DECIMAL CLASSIFICATION NUMBER
Item number B8032
Classification number A 35
100 ## - MAIN ENTRY--PERSONAL NAME
Personal name Schilling Donald L.
245 ## - TITLE STATEMENT
Title Principal of Communication Systems
260 ## - PUBLICATION, DISTRIBUTION, ETC. (IMPRINT)
Name of publisher, distributor, etc Tata Mc.Graw hill Publiction Co. Ltd.
365 ## - TRADE PRICE
Price amount 160
600 ## - SUBJECT ADDED ENTRY--PERSONAL NAME
Personal name Schilling Donald L.
630 ## - SUBJECT ADDED ENTRY--UNIFORM TITLE
Uniform title Principal of Communication Systems
700 ## - ADDED ENTRY--PERSONAL NAME
Personal name Schilling Donald L.
730 ## - ADDED ENTRY--UNIFORM TITLE
Uniform title Principal of Communication Systems
942 ## - ADDED ENTRY ELEMENTS (KOHA)
Koha item type Book
Holdings
Withdrawn status Lost status Damaged status Not for loan Home library Current library Date acquired Cost, normal purchase price Total Checkouts Barcode Date last seen Cost, replacement price Price effective from Koha item type
        Prof.Manikrao Kirtane Vachanalaya, Vashi, Navi Mumbai Prof.Manikrao Kirtane Vachanalaya, Vashi, Navi Mumbai 02/01/2011 160.00   PMKV-B8032 02/01/2011 160.00 02/01/2011 Book